| 000 | 00796nam a2200241 i 4500 | ||
|---|---|---|---|
| 001 | 15630 | ||
| 003 | ES-MaACL | ||
| 005 | 20230906151123.0 | ||
| 007 | t| | ||
| 008 | 000406s1998 sp ||||1| spa d | ||
| 020 | _a84-376-1675-1 | ||
| 080 | _a342.5(52)".../04" | ||
| 100 | 1 |
_aHusson, Geneviève. _964823 |
|
| 245 | 1 | 0 |
_aInstituciones de Egipto _b: de los primeros faraones a los emperadores romanos / _cGeneviève Husson, Dominique Valbelle. |
| 260 |
_aMadrid : _bCátedra, _c[1998] |
||
| 300 |
_a399 p. : _bmapas ; _c21 cm. |
||
| 490 | 1 | _aHistoria. Serie menor | |
| 650 | 1 | 4 |
_aInstituciones políticas- _zEgipto- _yHasta S.V. _913833 |
| 700 | 1 |
_aValbelle, Dominique. _9112450 |
|
| 830 | 0 |
_aHistoria. Serie menor _9178513 |
|
| 852 |
_aES-MaACL _jL-22800 _bR.128014 |
||
| 999 |
_c15630 _d15630 |
||